• 首页
  • 本馆介绍
  • 公告通知
  • 最新文献
  • 馆藏检索
  • 电子资源
  • 读者导购
  • 参考咨询
  • 我的图书馆
  • 登录
  • 详细信息显示
  • 放入我的书架
  • 预约/预借图书
  • 作者相关作品
  • 分类相关作品
  • 丛书相关作品
  • 出版社相关作品

书目信息

  • 表格格式
  • 工作单格式
  • 卡片格式
题名:
城市社区体育的构建与实证探索
    
 
作者: 欧阳羽 , 张艳红 著
分册:  
出版信息: 长春   吉林出版集团股份有限公司  2023
页数: 175页
开本: 24cm
丛书名:
单 册:
中图分类: G812.4
科图分类:
主题词: 城市--社区--体育活动--研究--中国
电子资源:
ISBN: 978-7-5534-9684-9
000 01042nam0 2200241 450
001 2346549254
005 20231205125557.75
010    @a978-7-5534-9684-9@dCNY71.00
100    @a20230615d2023 em y0chiy50 ea
101 0  @achi
102    @aCN@b220000
105    @ay z 000yy
200 1  @a城市社区体育的构建与实证探索@Acheng shi she qu ti yu de gou jian yu shi zheng tan suo@f欧阳羽,张艳红著
210    @a长春@c吉林出版集团股份有限公司@d2023
215    @a175页@d24cm
300    @a基金项目:湖北休闲体育发展研究中心2022年度开发基金项目《全民健身公共服务体系高质量构建研究》
330    @a本书主要内容包括:城市公共体育理论基础、城市社区体育发展概述、城市社区体育中心、城市社区公共体育服务、“健康中国”“全民健身”与城市社区体育、智慧社区体育服务模式探究,共六章。具体内容包括:城市公共体育概述、城市公共体育的构成与类型等。
606 0  @a城市@x社区@x体育活动@x研究@y中国
690    @aG812.4@v5
701  0 @a欧阳羽@Aou yang yu@4著
701  0 @a张艳红@Azhang yan hong@4著
801  0 @aCN@b91MARC@c20230716
905    @aZUCC@dG812.4@e7
    
    城市社区体育的构建与实证探索/欧阳羽,张艳红著.-长春:吉林出版集团股份有限公司,2023
    175页;24cm
    基金项目:湖北休闲体育发展研究中心2022年度开发基金项目《全民健身公共服务体系高质量构建研究》
    
    ISBN 978-7-5534-9684-9:CNY71.00
    本书主要内容包括:城市公共体育理论基础、城市社区体育发展概述、城市社区体育中心、城市社区公共体育服务、“健康中国”“全民健身”与城市社区体育、智慧社区体育服务模式探究,共六章。具体内容包括:城市公共体育概述、城市公共体育的构成与类型等。
●
相关链接 在五车中查询图书 在当当中查询图书 在豆瓣中查询图书


正题名:城市社区体育的构建与实证探索     索取号:G812.4/7         预约/预借

序号 登录号 条形码 馆藏地/架位号 状态 备注
1 2001265939   2001265939   辽宁北方(第一批)/辽宁北方(第一批)/292/ [索取号:G812.4/7] 在馆    
2 2001265940   2001265940   辽宁北方(第一批)/辽宁北方(第一批)/292/ [索取号:G812.4/7] 在馆    
3 2001265941   2001265941   辽宁北方(第一批)/辽宁北方(第一批)/292/ [索取号:G812.4/7] 在馆    
4 2001265942   2001265942   辽宁北方(第一批)/辽宁北方(第一批)/292/ [索取号:G812.4/7] 在馆    
5 2001265943   2001265943   辽宁北方(第一批)/辽宁北方(第一批)/292/ [索取号:G812.4/7] 在馆    
6 2001265944   2001265944   辽宁北方(第一批)/辽宁北方(第一批)/292/ [索取号:G812.4/7] 在馆    
山东省滨州职业学院图书馆 欢迎您!
大连网信软件有限公司© 版权所有